Situación de los derechos humanos en Chile: informe anual 2011
Uloženo v:
| Korporativní autor: | |
|---|---|
| Médium: | Kniha |
| Jazyk: | španělština |
| Vydáno: |
Santiago
Instituto Nacional de Derechos Humanos
2011
|
| Témata: | |
| Tagy: |
Přidat tag
Žádné tagy, Buďte první, kdo vytvoří štítek k tomuto záznamu!
|
MARC
| LEADER | 00000cam a2200000 a 4500 | ||
|---|---|---|---|
| 001 | UCG9717 | ||
| 003 | CL-VaPUC | ||
| 008 | 120330e20110000CL |||||||||||||||||spa|d | ||
| 020 | |a 9789569025037 | ||
| 082 | 0 | 4 | |a 323.4083 |b INS |2 21 |
| 110 | 2 | |a Instituto Nacional de Derechos Humanos |e author |9 561360 | |
| 245 | 1 | 0 | |a Situación de los derechos humanos en Chile: informe anual 2011 |
| 300 | |a 287 p | ||
| 942 | |c BK | ||
| 945 | |d 20120330 00:00:00 |a dcastane | ||
| 260 | |a Santiago |b Instituto Nacional de Derechos Humanos |c 2011 | ||
| 650 | 0 | |a Derechos humanos |9 223025 | |
| 650 | 0 | |a Derechos fundamentales |9 254841 | |
| 651 | 7 | |a CHILE |2 CL-VaPUC |9 561361 | |
| 583 | |a last modification |c 20120330 10:33:00 |k Rodrigo Vera | ||
| 999 | |c 347263 |d 347261 | ||
| 952 | |0 0 |1 0 |4 0 |6 323_408300000000000_INS_2011 |7 0 |8 A |9 448497 |a BIBGIM |b BIBGIM |d 2019-11-22 |i 4869737 |o 323.4083 INS 2011 |p 4869737 |r 2025-01-15 |w 2019-11-22 |y BK |k GIM | ||
| 952 | |0 0 |1 0 |3 erb |4 0 |6 323_408300000000000_INS_2011 |7 0 |8 A |9 448498 |a BIBDER |b BIBDER |i 5283671 |o 323.4083 INS 2011 |p 5283671 |r 2023-01-25 |w 2019-11-22 |y BK |z Catalogado en:20160421 |k DER | ||